000 02031nam a2200469 a 4500
001 ebr10480176
003 CaPaEBR
006 m u
007 cr cn|||||||||
008 091105s2009 enkb sb 001 0deng d
010 _z 2009499461
020 _z9780745328294 (hardback : alk. paper)
020 _z0745328296 (hardback : alk. paper)
020 _z9780745328287 (pbk.)
020 _z0745328288 (pbk.)
020 _z9781849644129 (e-book)
040 _aCaPaEBR
_cCaPaEBR
035 _a(OCoLC)676697086
043 _an-us---
_aa-iq---
_aaw-----
050 1 4 _aDS79.766.G36
_bA3 2009eb
082 0 4 _a956.70443092
_222
100 1 _aGalleymore, Susan.
245 1 0 _aLong time passing
_h[electronic resource] :
_bmothers speak about war and terror /
_cSusan Galleymore.
246 3 0 _aMothers speak about war and terror
260 _aLondon ;
_aNew York :
_bPluto Press ;
_aNew York :
_bDistributed in the U.S. by Palgrave Macmillan,
_c2009.
300 _ax, 276 p. :
_bmaps.
504 _aIncludes bibliographical references (p. 257-267) and index.
533 _aElectronic reproduction.
_bPalo Alto, Calif. :
_cebrary,
_d2013.
_nAvailable via World Wide Web.
_nAccess may be limited to ebrary affiliated libraries.
600 1 0 _aGalleymore, Susan.
600 1 0 _aGalleymore, Susan
_xTravel
_zIraq.
600 1 0 _aGalleymore, Susan
_xTravel
_zMiddle East.
650 0 _aIraq War, 2003-2011
_vBiography.
650 0 _aMothers of soldiers
_zUnited States
_vBiography.
650 0 _aMothers of soldiers
_zMiddle East
_vInterviews.
650 0 _aWomen and war
_zMiddle East
_xHistory
_y21st century.
650 0 _aWar and society
_zMiddle East
_xHistory
_y21st century.
650 0 _aTerrorism
_xSocial aspects
_zMiddle East
_xHistory
_y21st century.
651 0 _aMiddle East
_xHistory, Military
_y21st century.
655 7 _aElectronic books.
_2local
710 2 _aebrary, Inc.
856 4 0 _uhttp://site.ebrary.com/lib/rucke/Doc?id=10480176
_zAn electronic book accessible through the World Wide Web; click to view
999 _c220800
_d220800